000 00639nam a22002177a 4500
003 UA-OsUOA
001 95331
007 ta
008 20130227b un ||||| |||| 00| 0 ukr d
100 _aЛук'янов В.
090 _a330(477)
_bЛ84
942 _cSA
040 _aUA-OsUOA
_bfre
_cUA-OsUOA
_dUA-OsUOA
245 _aСучасна фінансова економіка: глобалізаційна складова та цивілізаційні пріоритети
300 _aС.64-78
955 _a0
041 _afre
080 _a330(477)
773 0 _w95324
650 7 _a330 Економіка взагалі
_2UDC
999 _c381582
_d381582